O problémoch vyučovania manažmentu kvality podľa ISO 9000 - I

Guardado en:
Detalles Bibliográficos
Autor principal: Roman, Emil
Otros Autores: Kollár, Vojtech
Formato: Capítulo de libro
Lenguaje:eslovaco
Etiquetas: Agregar Etiqueta
Sin Etiquetas, Sea el primero en etiquetar este registro!

MARC

LEADER 00000naa$a2200000$$$4500
001 0158113
005 20240502072744.8
041 0 |a slo 
044 |a SK 
245 1 0 |a O problémoch vyučovania manažmentu kvality podľa ISO 9000 - I  |c Emil Roman, Vojtech Kollár 
100 1 |a Roman, Emil 
700 1 |a Kollár, Vojtech